000 00234nam a2200085Ia 4500
245 0 _aAgainst the current
100 _a labour and economic policy in South Africa
_951119
942 _cBK
008 210817s9999 xx 000 0 und d
999 _c293880
_d293879